000 01402nam a2200313 a 4500
001 ebr10467619
003 CaPaEBR
006 m u
007 cr cn|||||||||
008 110518s2011 enka s 001 0 eng d
020 _z9781849680127
020 _z9781849680134 (e-book)
040 _aCaPaEBR
_cCaPaEBR
035 _a(OCoLC)732956478
050 1 4 _aQA76.76.C69
_bG57 2011eb
100 1 _aGirod, Marc.
245 1 0 _aIBM Rational ClearCase 7.0
_h[electronic resource] :
_bmaster the tools that monitor, analyze, and manage software configurations : take a deep dive into extending ClearCase 7.0 to ensure the consistency and reproducibility of your software configurations /
_cMarc Girod, Tatiana Shpichko.
260 _aBirmingham, U.K. :
_bPackt Enterprise,
_c2011.
300 _avii, 339 p. :
_bill.
500 _a"Professional expertise distilled"--Cover.
500 _aIncludes index.
533 _aElectronic reproduction.
_bPalo Alto, Calif. :
_cebrary,
_d2011.
_nAvailable via World Wide Web.
_nAccess may be limited to ebrary affiliated libraries.
630 0 0 _aRational Clearcase.
650 0 _aSoftware configuration management.
655 7 _aElectronic books.
_2local
700 1 _aSchpichko, Tatiana.
710 2 _aebrary, Inc.
856 4 0 _uhttp://site.ebrary.com/lib/rucke/Doc?id=10467619
_zAn electronic book accessible through the World Wide Web; click to view
999 _c241853
_d241853